[Event "Russian Higher League 2021"]
[Site "?"]
[Date "2021.06.29"]
[Round "4.27"]
[White "Nurachev, Abdul"]
[Black "Rudovskii, Filipp"]
[Result "0-1"]
[WhiteElo "1773"]
[BlackElo "2260"]
[Annotator ""]
[Source ""]
[Remark ""]

1.e4 c5 2.Nf3 e6 3.d4 cxd4 4.Nxd4 Nf6 5.Bd3 Nc6 6.Nb3 d5 7.exd5
exd5 8.Bg5 Be7 9.O-O O-O 10.Nc3 Be6 11.Nb5 h6 12.Bh4 Qd7 13.N5d4
Kh8 14.Re1 Rae8 15.c3 Ng8 16.Bxe7 Rxe7 17.f4 Bg4 18.Rxe7 Ngxe7
19.Qd2 Qd6 20.h3 Bd7 21.Rf1 a5 22.Qf2 a4 23.Nxc6 bxc6 24.Qc5
Qe6 25.Nd4 Qe3+ 26.Kh2 Re8 27.Rf3 Qd2 28.Qd6 Bc8 29.Nxc6 Nf5
30.Bxf5 Bxf5 31.Ne7 Be4 32.Rg3 Qxb2 33.Qe5 f6 34.Qc7 Qb8 35.Nxd5
Qxc7 36.Nxc7 Rc8 37.Nb5 Bd5 38.a3 Rb8 39.Nd6 Rb2 40.c4 Bc6 41.Nf7+
Kh7 42.Nd8 Be4 43.h4 Rc2 44.Ne6 g6 45.Nf8+ Kg7 46.Nxg6 Kf7 47.h5
Rxc4 48.Nh8+ Ke6 49.Rg7 Rc5 50.g4 Rc2+ 51.Kg1 Ra2 52.Nf7 Rxa3
53.f5+ Kd5 54.Nxh6 Rh3 55.Ra7 a3 56.Ng8 Ke5 57.Ra5+ Kf4 58.Nxf6
Rh4 59.Kf2 a2 60.h6 a1Q 61.Rxa1 Rh2+ 62.Kf1 Rh1+ 63.Kf2 Rxa1
64.Ke2 Bf3+ 65.Kd2 Bxg4 0-1

[Event "Russian Higher League 2021"]
[Site "?"]
[Date "2021.06.30"]
[Round "5.1"]
[White "Ponkratov, Pavel"]
[Black "Antipov, Mikhail Al."]
[Result "1/2-1/2"]
[WhiteElo "2627"]
[BlackElo "2596"]
[Annotator ""]
[Source ""]
[Remark ""]

1.e4 {[%clk 1:30:58]} e5 {[%clk 1:30:56]} 2.Nf3 {[%clk 1:31:23]}
Nc6 {[%clk 1:31:21]} 3.Bb5 {[%clk 1:31:48]} Nf6 {[%clk 1:31:46]}
4.d3 {[%clk 1:32:13]} Ne7 {[%clk 1:32:11]} 5.Bc4 {[%clk 1:32:37]}
c6 {[%clk 1:32:34]} 6.Nc3 {[%clk 1:33:00]} d6 {[%clk 1:32:50]}
7.d4 {[%clk 1:33:24]} exd4 {[%clk 1:33:11]} 8.Qxd4 {[%clk 1:33:48]}
Ng6 {[%clk 1:33:31]} 9.Ng5 {[%clk 1:34:06]} Ne5 {[%clk 1:33:54]}
10.Bf4 {[%clk 1:34:20]} Nfg4 {[%clk 1:33:58]} 11.h3 {[%clk 1:34:37]}
Qf6 {[%clk 1:34:15]} 12.hxg4 {[%clk 1:34:59]} Qxf4 {[%clk 1:34:40]}
13.Nxh7 {[%clk 1:35:18]} Bxg4 {[%clk 1:34:41]} 14.Be2 {[%clk 1:35:32]}
O-O-O {[%clk 1:34:46]} 15.Qxa7 {[%clk 1:35:51]} Bxe2 {[%clk 1:35:02]}
16.Qa8+ {[%clk 1:36:17]} Kc7 {[%clk 1:35:26]} 17.Qa5+ {[%clk 1:36:43]}
Kc8 {[%clk 1:35:50]} 18.Qa8+ {[%clk 1:37:09]} Kc7 {[%clk 1:36:15]}
19.Qa5+ {[%clk 1:37:35]} Kc8 {[%clk 1:36:40]} 1/2-1/2

[Event "Russian Higher League 2021"]
[Site "?"]
[Date "2021.06.30"]
[Round "5.2"]
[White "Lysyj, Igor"]
[Black "Sarana, Alexey"]
[Result "1/2-1/2"]
[WhiteElo "2605"]
[BlackElo "2640"]
[Annotator ""]
[Source ""]
[Remark ""]

1.d4 {[%clk 1:30:56]} Nf6 {[%clk 1:30:41]} 2.c4 {[%clk 1:31:21]}
e6 {[%clk 1:31:06]} 3.Nf3 {[%clk 1:31:46]} d5 {[%clk 1:31:24]}
4.g3 {[%clk 1:32:13]} Bb4+ {[%clk 1:31:46]} 5.Bd2 {[%clk 1:32:38]}
Be7 {[%clk 1:32:13]} 6.Bg2 {[%clk 1:33:01]} O-O {[%clk 1:32:37]}
7.O-O {[%clk 1:33:28]} Nbd7 {[%clk 1:33:03]} 8.Qc2 {[%clk 1:33:50]}
c6 {[%clk 1:33:27]} 9.Bf4 {[%clk 1:34:14]} b6 {[%clk 1:33:33]}
10.Nbd2 {[%clk 1:34:35]} Nh5 {[%clk 1:33:22]} 11.Be5 {[%clk 1:34:30]}
Nhf6 {[%clk 1:32:00]} 12.Bf4 {[%clk 1:33:51]} Nh5 {[%clk 1:32:25]}
13.Be5 {[%clk 1:34:18]} Nhf6 {[%clk 1:32:50]} 14.cxd5 {[%clk 1:29:53]}
cxd5 {[%clk 1:32:01]} 15.Bc7 {[%clk 1:24:46]} Qe8 {[%clk 1:32:29]}
16.Rfc1 {[%clk 1:25:10]} Bb7 {[%clk 1:30:13]} 17.a4 {[%clk 1:12:52]}
Bb4 {[%clk 1:16:17]} 18.a5 {[%clk 1:08:33]} bxa5 {[%clk 1:03:40]}
19.Bxa5 {[%clk 1:01:36]} Bd6 {[%clk 1:03:55]} 20.Bc7 {[%clk 0:57:27]}
Qe7 {[%clk 0:54:03]} 21.Qb3 {[%clk 0:53:28]} Bb4 {[%clk 0:52:54]}
22.Ba5 {[%clk 0:50:31]} Bxa5 {[%clk 0:52:16]} 23.Rxa5 {[%clk 0:50:51]}
Rfb8 {[%clk 0:52:35]} 24.e3 {[%clk 0:45:30]} Qd8 {[%clk 0:42:33]}
25.Qa3 {[%clk 0:41:56]} Qb6 {[%clk 0:42:18]} 26.Ra1 {[%clk 0:41:18]}
a6 {[%clk 0:40:13]} 27.Bf1 {[%clk 0:41:09]} Ne8 {[%clk 0:39:18]}
28.Qe7 {[%clk 0:31:15]} Ndf6 {[%clk 0:32:24]} 29.Qc5 {[%clk 0:29:12]}
Qd8 {[%clk 0:26:58]} 30.Ne5 {[%clk 0:25:03]} Nc7 {[%clk 0:26:58]}
31.Qa3 {[%clk 0:23:03]} h6 {[%clk 0:24:46]} 32.Nb3 {[%clk 0:19:27]}
Ne4 {[%clk 0:23:58]} 33.Nc5 {[%clk 0:19:43]} Nxc5 {[%clk 0:24:24]}
34.Rxc5 {[%clk 0:20:02]} Nb5 {[%clk 0:22:40]} 35.Qa5 {[%clk 0:20:01]}
Nd6 {[%clk 0:23:05]} 36.Qxd8+ {[%clk 0:09:48]} Rxd8 {[%clk 0:23:25]}
37.Rca5 {[%clk 0:09:34]} Rac8 {[%clk 0:16:38]} 38.Bxa6 {[%clk 0:07:29]}
Bxa6 {[%clk 0:17:05]} 39.Rxa6 {[%clk 0:07:55]} Rc2 {[%clk 0:16:27]}
40.b4 {[%clk 0:36:25]} Ne4 {[%clk 0:36:03]} 41.R6a2 {[%clk 0:33:19]}
Rxa2 {[%clk 0:35:00]} 42.Rxa2 {[%clk 0:33:39]} Rb8 {[%clk 0:35:24]}
43.Nd3 {[%clk 0:33:09]} Rb7 {[%clk 0:34:39]} 44.Kf1 {[%clk 0:31:33]}
g5 {[%clk 0:35:01]} 45.f3 {[%clk 0:30:57]} Nd6 {[%clk 0:35:17]}
46.Ke2 {[%clk 0:31:00]} Kg7 {[%clk 0:34:50]} 47.Ra6 {[%clk 0:31:05]}
Nc4 {[%clk 0:34:42]} 48.g4 {[%clk 0:30:29]} h5 {[%clk 0:33:53]}
49.h3 {[%clk 0:28:11]} hxg4 {[%clk 0:32:49]} 50.hxg4 {[%clk 0:28:38]}
Rb8 {[%clk 0:32:26]} 51.Ra7 {[%clk 0:23:48]} Rh8 {[%clk 0:28:36]}
52.Ne5 {[%clk 0:22:47]} Nxe5 {[%clk 0:22:38]} 53.dxe5 {[%clk 0:23:14]}
Rb8 {[%clk 0:23:03]} 54.Ra4 {[%clk 0:23:40]} f6 {[%clk 0:22:55]}
55.f4 {[%clk 0:19:46]} gxf4 {[%clk 0:20:57]} 56.exf6+ {[%clk 0:20:12]}
Kxf6 {[%clk 0:21:22]} 57.exf4 {[%clk 0:20:39]} Rc8 {[%clk 0:10:26]}
58.b5 {[%clk 0:12:22]} Rc2+ {[%clk 0:10:49]} 59.Kd3 {[%clk 0:11:45]}
Rb2 {[%clk 0:11:16]} 60.Ra5 {[%clk 0:11:22]} Rb4 {[%clk 0:11:44]}
61.Ke3 {[%clk 0:08:42]} Re4+ {[%clk 0:08:21]} 62.Kf3 {[%clk 0:09:11]}
Rb4 {[%clk 0:08:46]} 63.Ke4 Ke5+ 1/2-1/2

[Event "Russian Higher League 2021"]
[Site "?"]
[Date "2021.06.30"]
[Round "5.3"]
[White "Kobalia, Mikhail"]
[Black "Chigaev, Maksim"]
[Result "1/2-1/2"]
[WhiteElo "2596"]
[BlackElo "2630"]
[Annotator ""]
[Source ""]
[Remark ""]

1.e4 {[%clk 1:30:55]} c5 {[%clk 1:30:53]} 2.Nf3 {[%clk 1:31:21]}
d6 {[%clk 1:31:18]} 3.d4 {[%clk 1:31:45]} cxd4 {[%clk 1:31:42]}
4.Nxd4 {[%clk 1:32:11]} Nf6 {[%clk 1:32:06]} 5.Nc3 {[%clk 1:32:38]}
a6 {[%clk 1:32:30]} 6.f3 {[%clk 1:33:00]} e5 {[%clk 1:28:53]}
7.Nb3 {[%clk 1:32:50]} Be6 {[%clk 1:29:14]} 8.Be3 {[%clk 1:33:17]}
h5 {[%clk 1:29:38]} 9.Qd2 {[%clk 1:33:41]} Nbd7 {[%clk 1:30:02]}
10.O-O-O {[%clk 1:34:04]} Rc8 {[%clk 1:25:52]} 11.Kb1 {[%clk 1:34:18]}
Be7 {[%clk 1:25:53]} 12.h3 {[%clk 1:33:17]} h4 {[%clk 1:20:21]}
13.f4 {[%clk 1:33:30]} Qc7 {[%clk 1:15:20]} 14.Bd3 {[%clk 1:32:48]}
Nb6 {[%clk 0:59:42]} 15.Qe1 {[%clk 1:00:04]} Nc4 {[%clk 0:57:21]}
16.f5 {[%clk 0:57:46]} Nxe3 {[%clk 0:51:31]} 17.Qxe3 {[%clk 0:57:14]}
Bd7 {[%clk 0:49:40]} 18.Nd5 {[%clk 0:56:18]} Nxd5 {[%clk 0:47:50]}
19.exd5 {[%clk 0:56:40]} Bf6 {[%clk 0:42:08]} 20.Nd2 {[%clk 0:54:12]}
b5 {[%clk 0:42:00]} 21.c4 {[%clk 0:47:37]} bxc4 {[%clk 0:38:01]}
22.Nxc4 {[%clk 0:47:58]} Rb8 {[%clk 0:37:52]} 23.Rc1 {[%clk 0:46:47]}
O-O {[%clk 0:31:52]} 24.Qe4 {[%clk 0:45:28]} Rb4 {[%clk 0:25:53]}
25.a3 {[%clk 0:35:23]} Rb7 {[%clk 0:26:18]} 26.Ne3 {[%clk 0:30:30]}
Qa5 {[%clk 0:25:55]} 27.Nc4 {[%clk 0:30:49]} Qc5 {[%clk 0:24:38]}
28.Ka1 {[%clk 0:19:05]} Rfb8 {[%clk 0:15:18]} 29.Rc2 {[%clk 0:18:08]}
Rb3 {[%clk 0:09:32]} 30.Rf1 {[%clk 0:13:05]} Ba4 {[%clk 0:07:35]}
31.Rfc1 {[%clk 0:09:24]} Bb5 {[%clk 0:07:57]} 32.Rc3 {[%clk 0:07:41]}
Rxc3 {[%clk 0:03:30]} 33.Rxc3 {[%clk 0:08:10]} Bd7 {[%clk 0:03:33]}
34.Ka2 {[%clk 0:06:55]} a5 {[%clk 0:03:32]} 35.Nd2 {[%clk 0:06:09]}
Qf2 {[%clk 0:02:54]} 36.Rc2 {[%clk 0:04:57]} a4 {[%clk 0:02:20]}
37.Nc4 {[%clk 0:04:49]} Qc5 {[%clk 0:02:23]} 38.Nd2 {[%clk 0:03:28]}
Qb6 {[%clk 0:01:48]} 39.Nc4 {[%clk 0:02:12]} Qc5 {[%clk 0:02:07]}
40.Nd2 {[%clk 0:32:38]} Qb6 {[%clk 0:32:33]} 41.Nc4 {[%clk 0:32:28]}
Qc5 {[%clk 0:32:57]} 42.Nd2 1/2-1/2

[Event "Russian Higher League 2021"]
[Site "?"]
[Date "2021.06.30"]
[Round "5.4"]
[White "Paravyan, David"]
[Black "Timofeev, Artyom"]
[Result "1-0"]
[WhiteElo "2629"]
[BlackElo "2595"]
[Annotator ""]
[Source ""]
[Remark ""]

1.e4 c5 2.c3 d5 3.exd5 Qxd5 4.d4 Nc6 5.Nf3 Bf5 6.Be3 Nf6 7.Na3
cxd4 8.Nb5 Rc8 9.Nfxd4 Nxd4 10.Nxd4 Bd7 11.Qb3 a6 12.Be2 e5 13.Nf3
Qxb3 14.axb3 Ng4 15.Ba7 f6 16.Nd2 Nh6 17.Nc4 Bc6 18.O-O Be7 19.Na5
Nf5 20.Nxc6 Rxc6 21.Bf3 Rc7 22.Rfd1 Nd6 23.Bb8 Rd7 24.Bd5 Rd8
25.Bc7 Rd7 26.Ba5 Bd8 27.Be6 Bxa5 28.Bxd7+ Kxd7 29.Rxa5 Ke6 30.Rc5
g5 31.Rcd5 Nf7 32.Rd7 Rb8 33.g4 e4 34.h3 h5 35.gxh5 a5 36.Rc7
Rh8 37.Rxb7 Ne5 38.Rb6+ Kf5 39.Rdd6 Rh6 40.Kg2 g4 41.h4 Nf7 42.Rdc6
Ne5 43.Kg3 Nxc6 44.Rxc6 e3 45.fxe3 Ke4 46.Rc4+ Kd5 1-0

[Event "Russian Higher League 2021"]
[Site "?"]
[Date "2021.06.30"]
[Round "5.5"]
[White "Alekseev, Evgeny"]
[Black "Goryachkina, Aleksandra"]
[Result "1/2-1/2"]
[WhiteElo "2605"]
[BlackElo "2596"]
[Annotator ""]
[Source ""]
[Remark ""]

1.e4 {[%clk 1:30:56]} e5 {[%clk 1:30:45]} 2.Nf3 {[%clk 1:30:38]}
Nc6 {[%clk 1:31:05]} 3.Bb5 {[%clk 1:29:54]} Nf6 {[%clk 1:31:21]}
4.d3 {[%clk 1:26:42]} Bc5 {[%clk 1:31:08]} 5.c3 {[%clk 1:20:59]}
O-O {[%clk 1:29:22]} 6.O-O {[%clk 1:19:39]} d6 {[%clk 1:29:06]}
7.Nbd2 {[%clk 1:17:53]} Ne7 {[%clk 1:23:29]} 8.d4 {[%clk 1:13:11]}
exd4 {[%clk 1:21:24]} 9.cxd4 {[%clk 1:12:44]} Bb6 {[%clk 1:21:41]}
10.h3 {[%clk 1:08:30]} Ng6 {[%clk 1:15:10]} 11.Re1 {[%clk 1:01:25]}
c6 {[%clk 1:07:31]} 12.Bf1 {[%clk 0:54:47]} Re8 {[%clk 1:07:07]}
13.Qc2 {[%clk 0:48:30]} Be6 {[%clk 1:00:44]} 14.b4 {[%clk 0:41:31]}
d5 {[%clk 0:46:17]} 15.e5 {[%clk 0:38:44]} Ne4 {[%clk 0:39:51]}
16.Bd3 {[%clk 0:37:04]} a5 {[%clk 0:39:10]} 17.bxa5 {[%clk 0:26:39]}
Bxa5 {[%clk 0:36:25]} 18.Nxe4 {[%clk 0:26:31]} Bxe1 {[%clk 0:23:45]}
19.Nd6 {[%clk 0:25:55]} Ba5 {[%clk 0:22:30]} 20.Nxe8 {[%clk 0:24:26]}
Qxe8 {[%clk 0:22:54]} 21.Ng5 {[%clk 0:21:02]} Bd8 {[%clk 0:19:07]}
22.Nxe6 {[%clk 0:15:30]} fxe6 {[%clk 0:19:08]} 23.Rb1 {[%clk 0:15:25]}
Ra7 {[%clk 0:18:10]} 24.Be3 {[%clk 0:13:06]} Be7 {[%clk 0:18:11]}
25.a4 {[%clk 0:11:31]} Nf8 {[%clk 0:17:43]} 26.Qd1 {[%clk 0:11:00]}
Qd8 {[%clk 0:14:42]} 27.Qg4 {[%clk 0:08:26]} Kh8 {[%clk 0:14:15]}
28.Bc2 {[%clk 0:08:26]} b6 {[%clk 0:13:21]} 29.g3 {[%clk 0:06:30]}
c5 {[%clk 0:12:36]} 30.h4 {[%clk 0:06:14]} cxd4 {[%clk 0:10:35]}
31.Bxd4 {[%clk 0:06:38]} Bc5 {[%clk 0:10:07]} 32.Kg2 {[%clk 0:05:53]}
Rf7 {[%clk 0:08:18]} 33.Bd3 {[%clk 0:01:55]} Qa8 {[%clk 0:07:00]}
34.Bb5 {[%clk 0:01:41]} Qa5 {[%clk 0:06:42]} 35.Qd1 {[%clk 0:01:13]}
Kg8 {[%clk 0:04:11]} 36.Qd3 {[%clk 0:00:42]} h6 {[%clk 0:01:23]}
37.Qe3 {[%clk 0:00:49]} Rc7 {[%clk 0:01:32]} 38.Qd3 {[%clk 0:01:00]}
Rf7 {[%clk 0:01:46]} 39.Qe3 {[%clk 0:00:40]} Rc7 {[%clk 0:02:15]}
40.Qd3 {[%clk 0:30:38]} 1/2-1/2

[Event "Russian Higher League 2021"]
[Site "?"]
[Date "2021.06.30"]
[Round "5.6"]
[White "Demchenko, Anton"]
[Black "Matlakov, Maxim"]
[Result "1/2-1/2"]
[WhiteElo "2600"]
[BlackElo "2688"]
[Annotator ""]
[Source ""]
[Remark ""]

1.e4 {[%clk 1:30:56]} c5 {[%clk 1:30:51]} 2.Nf3 {[%clk 1:31:10]}
Nc6 {[%clk 1:31:15]} 3.Bb5 {[%clk 1:31:01]} e6 {[%clk 1:30:37]}
4.O-O {[%clk 1:31:09]} Nge7 {[%clk 1:30:48]} 5.Re1 {[%clk 1:30:53]}
Nd4 {[%clk 1:30:15]} 6.Nxd4 {[%clk 1:30:36]} cxd4 {[%clk 1:30:28]}
7.c3 {[%clk 1:30:59]} a6 {[%clk 1:30:24]} 8.Bf1 {[%clk 1:31:09]}
Nc6 {[%clk 1:30:38]} 9.b4 {[%clk 1:31:28]} Bd6 {[%clk 1:28:02]}
10.Bb2 {[%clk 1:23:46]} dxc3 {[%clk 1:26:03]} 11.Nxc3 {[%clk 1:16:07]}
Be5 {[%clk 1:22:24]} 12.Rb1 {[%clk 1:14:19]} O-O {[%clk 1:11:49]}
13.b5 {[%clk 1:13:51]} Nd4 {[%clk 1:01:27]} 14.bxa6 {[%clk 0:56:41]}
bxa6 {[%clk 1:01:26]} 15.Ne2 {[%clk 0:56:09]} Nxe2+ {[%clk 0:58:17]}
16.Bxe2 {[%clk 0:55:43]} Bxb2 {[%clk 0:49:58]} 17.Rxb2 {[%clk 0:56:11]}
a5 {[%clk 0:50:19]} 18.Qa4 {[%clk 0:39:21]} Ba6 {[%clk 0:49:27]}
19.Bxa6 {[%clk 0:33:50]} Rxa6 {[%clk 0:48:06]} 20.Rc1 {[%clk 0:33:39]}
h6 {[%clk 0:35:02]} 21.Qd4 {[%clk 0:29:45]} Rc6 {[%clk 0:23:01]}
22.Rxc6 {[%clk 0:29:20]} dxc6 {[%clk 0:20:20]} 23.Qc3 {[%clk 0:23:02]}
Qc7 {[%clk 0:19:56]} 24.g3 {[%clk 0:19:35]} Rd8 {[%clk 0:18:12]}
25.Kg2 {[%clk 0:16:56]} Rd7 {[%clk 0:15:42]} 26.Rc2 {[%clk 0:14:13]}
Qd8 {[%clk 0:14:05]} 27.h4 {[%clk 0:10:23]} Kh7 {[%clk 0:10:49]}
28.Qxc6 {[%clk 0:08:26]} Rxd2 {[%clk 0:11:02]} 29.Rxd2 {[%clk 0:08:52]}
Qxd2 {[%clk 0:11:27]} 30.a4 {[%clk 0:09:18]} Qd4 {[%clk 0:10:45]}
31.Kg1 {[%clk 0:09:21]} Kg6 {[%clk 0:09:00]} 32.Qb5 {[%clk 0:08:17]}
Qd2 {[%clk 0:07:41]} 33.Kg2 {[%clk 0:08:10]} Kf6 {[%clk 0:07:03]}
34.Kf3 {[%clk 0:07:27]} g6 {[%clk 0:05:10]} 35.Kg2 {[%clk 0:06:45]}
Qc3 {[%clk 0:04:09]} 36.Kf1 {[%clk 0:04:09]} g5 {[%clk 0:03:07]}
37.hxg5+ {[%clk 0:04:13]} hxg5 {[%clk 0:03:33]} 38.Kg2 {[%clk 0:03:31]}
Kg6 {[%clk 0:02:25]} 39.Kf1 {[%clk 0:01:04]} Kf6 {[%clk 0:01:42]}
40.Kg2 {[%clk 0:31:28]} Kg6 {[%clk 0:31:46]} 41.Kf1 {[%clk 0:31:02]} 1/2-1/2

[Event "Russian Higher League 2021"]
[Site "?"]
[Date "2021.06.30"]
[Round "5.7"]
[White "Predke, Alexandr"]
[Black "Lobanov, Sergei"]
[Result "1/2-1/2"]
[WhiteElo "2683"]
[BlackElo "2514"]
[Annotator ""]
[Source ""]
[Remark ""]

1.d4 {[%clk 1:28:50]} Nf6 {[%clk 1:30:53]} 2.c4 {[%clk 1:29:05]}
e6 {[%clk 1:30:41]} 3.g3 {[%clk 1:29:29]} d5 {[%clk 1:31:05]}
4.Nf3 {[%clk 1:29:45]} dxc4 {[%clk 1:31:11]} 5.Bg2 {[%clk 1:30:05]}
a6 {[%clk 1:31:28]} 6.O-O {[%clk 1:30:19]} Nc6 {[%clk 1:31:48]}
7.Qc2 {[%clk 1:30:21]} Nxd4 {[%clk 1:30:22]} 8.Nxd4 {[%clk 1:30:44]}
Qxd4 {[%clk 1:30:49]} 9.Nd2 {[%clk 1:30:41]} Be7 {[%clk 1:19:37]}
10.Nxc4 {[%clk 1:28:43]} O-O {[%clk 1:07:50]} 11.Rd1 {[%clk 1:23:26]}
Qa7 {[%clk 1:02:27]} 12.e4 {[%clk 0:49:23]} b5 {[%clk 0:42:23]}
13.Be3 {[%clk 0:36:11]} Bc5 {[%clk 0:42:31]} 14.e5 {[%clk 0:36:04]}
Nd5 {[%clk 0:42:30]} 15.Bxd5 {[%clk 0:36:07]} exd5 {[%clk 0:42:53]}
16.Rxd5 {[%clk 0:36:31]} Bxe3 {[%clk 0:39:39]} 17.Nxe3 {[%clk 0:36:56]}
Be6 {[%clk 0:40:02]} 18.Rc5 {[%clk 0:37:22]} Rfd8 {[%clk 0:40:04]}
19.Rc1 {[%clk 0:31:46]} Qb7 {[%clk 0:35:32]} 20.Rxc7 {[%clk 0:26:27]}
Qf3 {[%clk 0:35:49]} 21.a3 {[%clk 0:18:53]} Rab8 {[%clk 0:23:45]}
22.b4 {[%clk 0:17:29]} h5 {[%clk 0:23:43]} 23.h4 {[%clk 0:09:09]}
Rd4 {[%clk 0:20:12]} 24.Re1 {[%clk 0:07:45]} Rbd8 {[%clk 0:18:28]}
25.Qe2 {[%clk 0:08:01]} Qxe2 {[%clk 0:15:20]} 26.Rxe2 {[%clk 0:08:27]}
Rd3 {[%clk 0:15:48]} 27.Ng2 {[%clk 0:03:06]} Rxa3 {[%clk 0:13:41]}
28.Re1 {[%clk 0:03:25]} Rd2 {[%clk 0:05:24]} 29.Nf4 {[%clk 0:03:46]}
Raa2 {[%clk 0:04:27]} 30.Nxe6 {[%clk 0:02:38]} fxe6 {[%clk 0:04:52]}
31.Rf1 {[%clk 0:03:07]} Re2 {[%clk 0:05:13]} 32.Re7 {[%clk 0:00:55]}
Rxe5 {[%clk 0:02:33]} 33.Rc1 {[%clk 0:01:19]} Rf5 {[%clk 0:01:56]}
34.Rc8+ {[%clk 0:01:46]} Kh7 {[%clk 0:01:42]} 35.Rcc7 {[%clk 0:02:06]}
Raxf2 {[%clk 0:00:53]} 36.Rxg7+ {[%clk 0:02:32]} Kh6 {[%clk 0:01:20]}
37.Rh7+ {[%clk 0:02:46]} Kg6 {[%clk 0:01:50]} 38.Rcg7+ {[%clk 0:03:13]}
Kf6 {[%clk 0:02:19]} 39.Rf7+ {[%clk 0:03:35]} Kg6 {[%clk 0:02:26]}
40.Rhg7+ {[%clk 0:32:49]} Kh6 {[%clk 0:32:52]} 41.Rh7+ {[%clk 0:31:34]}
 1/2-1/2

[Event "Russian Higher League 2021"]
[Site "?"]
[Date "2021.06.30"]
[Round "5.8"]
[White "Romanov, Evgeny"]
[Black "Rakhmanov, Aleksandr"]
[Result "0-1"]
[WhiteElo "2599"]
[BlackElo "2651"]
[Annotator ""]
[Source ""]
[Remark ""]

1.e4 {[%clk 1:30:46]} e5 {[%clk 1:30:22]} 2.Nc3 {[%clk 1:30:56]}
Nf6 {[%clk 1:30:07]} 3.f4 {[%clk 1:31:09]} d5 {[%clk 1:28:53]}
4.fxe5 {[%clk 1:31:05]} Nxe4 {[%clk 1:29:08]} 5.Qf3 {[%clk 1:31:24]}
Nxc3 {[%clk 1:25:02]} 6.bxc3 {[%clk 1:29:22]} Qh4+ {[%clk 1:10:21]}
7.g3 {[%clk 1:27:16]} Qe4+ {[%clk 1:08:25]} 8.Qxe4 {[%clk 1:23:33]}
dxe4 {[%clk 1:08:48]} 9.Bg2 {[%clk 1:11:12]} Nc6 {[%clk 1:08:06]}
10.Bxe4 {[%clk 1:11:28]} Nxe5 {[%clk 1:08:22]} 11.Rb1 {[%clk 1:11:50]}
Bd6 {[%clk 0:51:27]} 12.Nf3 {[%clk 1:05:45]} Nxf3+ {[%clk 0:42:45]}
13.Bxf3 {[%clk 1:06:02]} O-O {[%clk 0:42:57]} 14.d3 {[%clk 1:02:20]}
Rb8 {[%clk 0:40:10]} 15.Be3 {[%clk 0:58:21]} b6 {[%clk 0:40:25]}
16.Bc6 {[%clk 0:48:49]} Bb7 {[%clk 0:39:48]} 17.Bxb7 {[%clk 0:49:08]}
Rxb7 {[%clk 0:40:14]} 18.Kd2 {[%clk 0:49:10]} Re8 {[%clk 0:34:48]}
19.Rhe1 {[%clk 0:41:01]} Rbb8 {[%clk 0:30:43]} 20.a4 {[%clk 0:38:26]}
f6 {[%clk 0:28:35]} 21.c4 {[%clk 0:37:21]} Kf7 {[%clk 0:28:26]}
22.a5 {[%clk 0:35:15]} Re5 {[%clk 0:23:06]} 23.axb6 {[%clk 0:25:59]}
axb6 {[%clk 0:22:48]} 24.Bg1 {[%clk 0:24:38]} Rxe1 {[%clk 0:21:51]}
25.Kxe1 {[%clk 0:24:47]} Ra8 {[%clk 0:18:56]} 26.Ke2 {[%clk 0:23:18]}
Ra2 {[%clk 0:14:01]} 27.Kd2 {[%clk 0:23:19]} h5 {[%clk 0:11:44]}
28.Bd4 {[%clk 0:18:08]} Ke6 {[%clk 0:09:23]} 29.Re1+ {[%clk 0:16:57]}
Kf7 {[%clk 0:06:10]} 30.Rb1 {[%clk 0:16:59]} Ra5 {[%clk 0:03:35]}
31.Rb5 {[%clk 0:13:01]} h4 {[%clk 0:01:45]} 32.gxh4 {[%clk 0:09:25]}
Bxh2 {[%clk 0:01:56]} 33.Bf2 {[%clk 0:07:28]} Bf4+ {[%clk 0:01:22]}
34.Ke2 {[%clk 0:05:45]} Ra2 {[%clk 0:01:14]} 35.Kf3 {[%clk 0:04:58]}
Bd6 {[%clk 0:00:50]} 36.c3 {[%clk 0:04:01]} Ke6 {[%clk 0:00:49]}
37.Rb1 {[%clk 0:03:04]} Rc2 {[%clk 0:00:49]} 38.Be1 {[%clk 0:02:33]}
Rh2 {[%clk 0:00:34]} 39.d4 {[%clk 0:00:48]} Rh3+ {[%clk 0:00:38]}
40.Kg2 {[%clk 0:30:55]} Re3 {[%clk 0:30:35]} 41.Kf2 {[%clk 0:29:09]}
Rh3 {[%clk 0:25:42]} 42.Kg2 {[%clk 0:29:09]} Rh2+ {[%clk 0:17:00]}
43.Kf3 {[%clk 0:29:13]} g5 {[%clk 0:17:01]} 44.hxg5 {[%clk 0:29:06]}
fxg5 {[%clk 0:17:23]} 45.Rb5 {[%clk 0:24:04]} Bf4 {[%clk 0:13:50]}
46.Kg4 {[%clk 0:13:27]} Rg2+ {[%clk 0:02:25]} 47.Kf3 {[%clk 0:13:42]}
Rg1 {[%clk 0:02:40]} 48.Bf2 {[%clk 0:10:01]} Rc1 {[%clk 0:02:42]}
49.d5+ {[%clk 0:09:31]} Kf6 {[%clk 0:01:44]} 50.Bd4+ {[%clk 0:08:54]}
Kg6 {[%clk 0:01:11]} 51.c5 {[%clk 0:07:03]} bxc5 {[%clk 0:01:26]}
52.Rxc5 {[%clk 0:07:29]} Bd6 {[%clk 0:01:24]} 53.Rc4 {[%clk 0:01:26]}
Kf5 {[%clk 0:01:01]} 54.Be3 {[%clk 0:01:54]} Rc2 {[%clk 0:00:47]}
55.Rg4 {[%clk 0:01:40]} Bf4 {[%clk 0:00:37]} 56.Bd4 {[%clk 0:01:54]}
Ra2 {[%clk 0:00:38]} 57.Rg1 {[%clk 0:00:42]} Rb2 {[%clk 0:00:35]}
58.c4 {[%clk 0:00:33]} Rb4 {[%clk 0:00:42]} 59.Be3 {[%clk 0:00:32]}
Rb3 {[%clk 0:00:38]} 60.Re1 {[%clk 0:01:01]} Ke5 {[%clk 0:00:37]}
61.Kf2 {[%clk 0:00:57]} Rxe3 {[%clk 0:00:51]} 62.Rxe3+ {[%clk 0:01:26]}
Bxe3+ {[%clk 0:01:16]} 63.Kxe3 {[%clk 0:01:50]} g4 {[%clk 0:01:40]}
64.Kd3 {[%clk 0:02:03]} g3 {[%clk 0:01:59]} 65.Ke3 {[%clk 0:02:30]}
g2 {[%clk 0:02:07]} 66.Kf2 {[%clk 0:02:52]} Kd4 {[%clk 0:02:33]}
67.Kxg2 {[%clk 0:02:25]} Kxc4 {[%clk 0:02:58]} 68.Kf2 {[%clk 0:02:46]}
Kxd5 {[%clk 0:03:23]} 69.Ke3 {[%clk 0:03:09]} Ke5 70.Kd4 0-1

[Event "Russian Higher League 2021"]
[Site "?"]
[Date "2021.06.30"]
[Round "5.9"]
[White "Dreev, Aleksey"]
[Black "Zakhartsov, Vladimir"]
[Result "1-0"]
[WhiteElo "2647"]
[BlackElo "2506"]
[Annotator ""]
[Source ""]
[Remark ""]

1.d4 {[%clk 1:26:06]} d5 {[%clk 1:30:46]} 2.c4 {[%clk 1:26:08]}
e6 {[%clk 1:31:12]} 3.Nc3 {[%clk 1:26:18]} c6 {[%clk 1:31:31]}
4.Nf3 {[%clk 1:25:35]} dxc4 {[%clk 1:31:51]} 5.g3 {[%clk 1:23:02]}
Nf6 {[%clk 1:29:35]} 6.Bg2 {[%clk 1:23:07]} b5 {[%clk 1:28:27]}
7.Ne5 {[%clk 1:16:11]} Nd5 {[%clk 1:28:22]} 8.a4 {[%clk 1:07:53]}
b4 {[%clk 1:26:57]} 9.Ne4 {[%clk 1:05:01]} c3 {[%clk 1:18:25]}
10.O-O {[%clk 1:01:17]} cxb2 {[%clk 1:09:07]} 11.Bxb2 {[%clk 1:00:37]}
Be7 {[%clk 1:09:16]} 12.Qc2 {[%clk 0:55:41]} O-O {[%clk 1:08:01]}
13.Nc5 {[%clk 0:53:52]} a5 {[%clk 1:05:23]} 14.e4 {[%clk 0:52:39]}
Nb6 {[%clk 1:03:46]} 15.f4 {[%clk 0:51:49]} Bf6 {[%clk 0:40:52]}
16.Rad1 {[%clk 0:49:28]} Ra7 {[%clk 0:37:52]} 17.g4 {[%clk 0:45:36]}
Qe7 {[%clk 0:28:29]} 18.f5 {[%clk 0:32:28]} Ba6 {[%clk 0:17:22]}
19.Nxa6 {[%clk 0:29:01]} Bxe5 {[%clk 0:16:59]} 20.Nc5 {[%clk 0:28:04]}
Bc7 {[%clk 0:14:10]} 21.fxe6 {[%clk 0:26:27]} f6 {[%clk 0:14:30]}
22.g5 {[%clk 0:18:26]} Na6 {[%clk 0:14:04]} 23.gxf6 {[%clk 0:16:39]}
gxf6 {[%clk 0:14:01]} 24.e5 {[%clk 0:16:37]} b3 {[%clk 0:10:22]}
25.Qxb3 {[%clk 0:15:59]} Nxc5 {[%clk 0:08:21]} 26.dxc5 {[%clk 0:15:42]}
Qxc5+ {[%clk 0:06:48]} 27.Bd4 {[%clk 0:15:53]} Qb4 {[%clk 0:07:06]}
28.Qxb4 {[%clk 0:14:29]} 1-0